A question and answer guide to Astronomy / (Record no. 78122)

MARC details
000 -LEADER
fixed length control field 00723nam a22002177a 4500
005 - DATE AND TIME OF LATEST TRANSACTION
control field 20130812120742.0
010 ## - LCCN (DPL NO)
LC control number ENG-108160
020 ## - INTERNATIONAL STANDARD BOOK NUMBER
International Standard Book Number 9781107601710
Terms of availability 495.00
035 ## - SYSTEM CONTROL NUMBER
System control number EN-91693
037 ## - SOURCE OF ACQUISITION
Source of stock number/acquisition DBAD/PUB
082 ## - DEWEY DECIMAL CLASSIFICATION NUMBER
Classification number 520
100 ## - MAIN ENTRY--PERSONAL NAME
Personal name Bely, Pierre-Yves
245 10 - TITLE STATEMENT
Title A question and answer guide to Astronomy /
Statement of responsibility, etc by Pierre-Yves Bely, Carol Christian [and] Jean-Rene Roy
260 ## - PUBLICATION, DISTRIBUTION, ETC. (IMPRINT)
Place of publication, distribution, etc New Delhi
Name of publisher, distributor, etc Cambridge University Press
Date of publication, distribution, etc 2011
270 ## - ADDRESS
Address 4381/4, Ansari Road, Daryaganj
City New Delhi
Postal code 110002
300 ## - PHYSICAL DESCRIPTION
Extent xiii,280p. :
Dimensions 24cm(pbk)
Other physical details ill.
500 ## - GENERAL NOTE
General note Includes bibliographical references and index
700 ## - ADDED ENTRY--PERSONAL NAME
Personal name Christian, Carol
700 ## - ADDED ENTRY--PERSONAL NAME
Personal name Roy, Jean-Rene
942 ## - ADDED ENTRY ELEMENTS (KOHA)
Source of classification or shelving scheme Dewey Decimal Classification
Item type English Books
Call number suffix BEL
Classification part 520
Holdings
Withdrawn status Lost status Not for loan Collection code Home library Current library Date acquired Source of acquisition Cost, normal purchase price Full call number Barcode Copy number Cost, replacement price Koha item type
    Not For Loan Non-fiction D.B.Act.Division D.B.Act.Division 29/07/2013 DBAD/PUB 495.00 520 BEL EN-91693 1 495.00 English Books

© Delhi Public Library
Hit Counter
free hit counter